[Event "IMSA Elite Mind Games (Rapid, Women)"]
[Site "?"]
[Date "2017.12.11"]
[EventDate "?"]
[Round "5.2"]
[Result "0-1"]
[White "Antoaneta Stefanova"]
[Black "Anna Muzychuk"]
[WhiteElo "2497"]
[BlackElo "2607"]
[PlyCount "138"]

1. Nf3 Nf6 2. b3 g6 3. Bb2 Bg7 4. c4 d6 5. d4 O-O 6. g3 e5
7. dxe5 dxe5 8. Qxd8 Rxd8 9. Bxe5 Nc6 10. Bc3 Ne4 11. Bxg7
Kxg7 12. Bg2 Nb4 13. Na3 Nc3 14. O-O Nxe2+ 15. Kh1 c6 16. Rfe1
Nc3 17. Re7 Kf6 18. Re3 Ncxa2 19. h4 h6 20. Ne1 Bf5 21. c5 Be6
22. Be4 Rd2 23. Kg2 Rad8 24. Nec2 Kg7 25. Nxb4 Nxb4 26. Nb1
Ra2 27. Rxa2 Nxa2 28. Na3 Rd4 29. Bf3 Nc1 30. Nc2 Rd2 31. Nb4
Nxb3 32. Nd3 a5 33. Nf4 Nxc5 34. Rc3 Nd7 35. Ra3 Ne5 36. Rxa5
Nxf3 37. Kxf3 Bc4 38. Rc5 Bb5 39. g4 Ra2 40. g5 Ra3+ 41. Kg2
hxg5 42. hxg5 Kf8 43. Re5 Rc3 44. f3 Ba4 45. Ne2 Rd3 46. Nf4
Rd8 47. Kf2 Bb5 48. Re1 Rd4 49. Ng2 Rd5 50. f4 c5 51. Rc1 Bc6
52. Ne3 Rd4 53. Kg3 b6 54. Nc4 Rd3+ 55. Kh4 Bd7 56. Rh1 Rf3
57. Nxb6 Rxf4+ 58. Kg3 Rg4+ 59. Kf3 Be6 60. Rc1 Rxg5 61. Na4
c4 62. Kf4 Ra5 63. Nc3 g5+ 64. Ke3 Kg7 65. Kd4 Kg6 66. Re1 Rf5
67. Rh1 Rf3 68. Ne4 Rd3+ 69. Ke5 Rd5# 0-1

[Event "IMSA Elite Mind Games (Rapid, Women)"]
[Site "?"]
[Date "2017.12.11"]
[EventDate "?"]
[Round "6.2"]
[Result "1/2-1/2"]
[White "Antoaneta Stefanova"]
[Black "Kateryna Lahno"]
[WhiteElo "2497"]
[BlackElo "2590"]
[PlyCount "42"]

1. Nf3 Nf6 2. b3 g6 3. Bb2 Bg7 4. g3 O-O 5. Bg2 d6 6. d4 Nbd7
7. O-O Re8 8. c4 c6 9. Nc3 e5 10. Qc2 Qc7 11. Rfd1 e4 12. Ng5
e3 13. f4 Nf8 14. b4 Bf5 15. Qb3 h6 16. Nf3 Ne4 17. Rac1 Nf2
18. Rf1 Nh3+ 19. Kh1 Nf2+ 20. Kg1 Nh3+ 21. Kh1 Nf2+ 1/2-1/2

[Event "IMSA Elite Mind Games (Rapid, Women)"]
[Site "?"]
[Date "2017.12.11"]
[EventDate "?"]
[Round "7.4"]
[Result "0-1"]
[White "Alexandra Kosteniuk"]
[Black "Antoaneta Stefanova"]
[WhiteElo "2586"]
[BlackElo "2497"]
[PlyCount "74"]

1. e4 e5 2. Bc4 Nf6 3. d4 exd4 4. Nf3 Bc5 5. e5 d5 6. exf6
dxc4 7. Qe2+ Be6 8. fxg7 Rg8 9. Bg5 Be7 10. Bxe7 Kxe7 11. Qe4
Nc6 12. Qxh7 Kd7 13. Nbd2 Qf6 14. Ne4 Qxg7 15. Nc5+ Ke7
16. Qh4+ Qf6 17. Qxf6+ Kxf6 18. Nxe6 fxe6 19. g3 e5 20. Nd2 b5
21. O-O Ke6 22. f4 Raf8 23. fxe5 Nxe5 24. Ne4 Ng4 25. a4 Kd5
26. Nd2 a6 27. axb5 axb5 28. Rxf8 Rxf8 29. Nf1 d3 30. cxd3
cxd3 31. b4 Ne5 32. h4 Kd4 33. Kg2 Nc4 34. Ra7 Rf7 35. Ra8 Kc3
36. Rd8 Nd6 37. h5 Rxf1 0-1

[Event "IMSA Elite Mind Games (Blitz, Women)"]
[Site "?"]
[Date "2017.12.12"]
[EventDate "?"]
[Round "1.4"]
[Result "1-0"]
[White "Antoaneta Stefanova"]
[Black "Zhao Xue"]
[WhiteElo "2517"]
[BlackElo "2499"]
[PlyCount "197"]

1. d4 e6 2. Nf3 b6 3. e3 Bb7 4. Bd3 f5 5. c4 Nf6 6. Nc3 Be7
7. O-O O-O 8. d5 Na6 9. a3 Nc5 10. Bc2 a5 11. b3 Nfe4 12. Ne2
Bf6 13. Rb1 Nd6 14. b4 axb4 15. axb4 Nce4 16. Bb3 exd5 17. c5
Nc4 18. cxb6 Nxb6 19. Nfd4 g6 20. Bb2 Nc4 21. Bc1 Qe7 22. Qe1
Rfe8 23. b5 Nc5 24. Bc2 Ra2 25. Qd1 Rea8 26. Nc3 R2a5 27. Re1
Ne4 28. Nce2 Na3 29. Bxa3 Rxa3 30. Bb3 Nc5 31. Bc2 Ne4 32. Bb3
Nd6 33. Nf4 Qf7 34. Qc1 Nc4 35. Rd1 Kg7 36. Qc2 R3a5 37. h3
Be5 38. Nd3 Bd6 39. Qe2 Qf6 40. Qf3 Nb6 41. g3 Re8 42. h4 Raa8
43. h5 Qg5 44. Kg2 Qg4 45. Qxg4 fxg4 46. hxg6 hxg6 47. Nf4
Bxf4 48. gxf4 Nc4 49. Kg3 Nd6 50. Kxg4 Ne4 51. Rb2 Rh8 52. Kf3
Rh2 53. Rg1 Rah8 54. Rf1 R8h3+ 55. Ke2 Ng3+ 56. Ke1 Nxf1
57. Kxf1 Rh1+ 58. Ke2 Rc1 59. Bc2 Kf6 60. Bd3 Rhh1 61. Ra2 Ra1
62. Rc2 Rhc1 63. Rb2 Re1+ 64. Kf3 Rh1 65. Rc2 Rac1 66. Ra2 Ra1
67. Rc2 Rad1 68. Be2 Rc1 69. Ra2 Ra1 70. Rc2 Rhc1 71. Rb2 Ra3
72. Kg2 Rcc3 73. Bf3 Rc1 74. Rd2 Ke7 75. Rb2 Kd6 76. Rd2 c5
77. Ne2 Rca1 78. Ng3 R1a2 79. Ne4+ Kc7 80. Rxa2 Rxa2 81. Nxc5
Ba8 82. Nd3 Kb6 83. Ne5 d4 84. exd4 Bxf3+ 85. Kxf3 d6 86. Nxg6
Kxb5 87. f5 Ra7 88. Ke4 Kc4 89. Nf4 Re7+ 90. Ne6 Rh7 91. f6
Rf7 92. Kf5 Kd5 93. f4 Ra7 94. Ng5 Kxd4 95. f7 Ra8 96. Ne6+
Kc3 97. f8=Q Rxf8+ 98. Nxf8 d5 99. Ne6 1-0

[Event "IMSA Elite Mind Games (Blitz, Women)"]
[Site "?"]
[Date "2017.12.12"]
[EventDate "?"]
[Round "2.4"]
[Result "1/2-1/2"]
[White "Dronavalli Harika"]
[Black "Antoaneta Stefanova"]
[WhiteElo "2537"]
[BlackElo "2517"]
[PlyCount "111"]

1. e4 e5 2. Nf3 Nc6 3. Bc4 Bc5 4. b4 Bxb4 5. c3 Ba5 6. d4 d6
7. Qb3 Qd7 8. Nbd2 Bb6 9. O-O Na5 10. Qc2 Ne7 11. dxe5 O-O
12. Ba3 Ng6 13. exd6 cxd6 14. Nd4 Nxc4 15. Nxc4 Bc5 16. Bxc5
dxc5 17. Nf5 Qc7 18. Nce3 Bxf5 19. exf5 Nf4 20. g3 Nh5 21. Nd5
Qd6 22. Rad1 Nf6 23. c4 Rfe8 24. Qb2 Nxd5 25. Qxb7 Qb6
26. Qxd5 Rad8 27. Qf3 Qb2 28. Rxd8 Rxd8 29. Re1 Qxa2 30. Re4
Qa1+ 31. Kg2 a5 32. Re3 Qd4 33. Ra3 Qxc4 34. Rxa5 h6 35. Ra1
Qd5 36. Rc1 Qxf3+ 37. Kxf3 Rc8 38. Ke4 Kf8 39. Rc4 Re8+
40. Kf4 Rc8 41. Ke5 Re8+ 42. Kd6 Rd8+ 43. Kxc5 Rd2 44. Rf4 Ke7
45. f6+ gxf6 46. Kc4 Ke6 47. Kc3 Ra2 48. Kd3 f5 49. Rh4 Rxf2
50. Ke3 Ra2 51. Rxh6+ Ke5 52. Rh8 Ra3+ 53. Kf2 Ra2+ 54. Kf3
Ra3+ 55. Kf2 Ra2+ 56. Kf3 1/2-1/2

[Event "IMSA Elite Mind Games (Blitz, Women)"]
[Site "?"]
[Date "2017.12.12"]
[EventDate "?"]
[Round "3.3"]
[Result "0-1"]
[White "Antoaneta Stefanova"]
[Black "Nana Dzagnidze"]
[WhiteElo "2517"]
[BlackElo "2453"]
[PlyCount "84"]

1. d4 Nf6 2. Nf3 e6 3. e3 b6 4. Bd3 Bb7 5. O-O d5 6. b3 Be7
7. Bb2 O-O 8. Nbd2 Nbd7 9. Qe2 c5 10. c4 cxd4 11. exd4 dxc4
12. bxc4 Qc7 13. Rac1 Rfe8 14. Rfd1 Bb4 15. Nf1 Qf4 16. Ne5
Nxe5 17. dxe5 Ng4 18. c5 Bxc5 19. Rc4 Qxf2+ 20. Qxf2 Nxf2
21. Rxc5 Nxd1 22. Rc7 Nxb2 23. Bb5 Reb8 24. Rc2 a6 25. Be2 Na4
26. Rc7 Bd5 27. Ne3 Rc8 28. Rd7 Rd8 29. Rc7 Rac8 30. Ra7 a5
31. Bh5 g6 32. Be2 Nc3 33. Bf1 Bxa2 34. Ng4 Kg7 35. Nf6 Nd5
36. Ne4 Ra8 37. Rb7 Rab8 38. Ra7 Nb4 39. Nd6 Rf8 40. Bb5 Bd5
41. Rc7 Ra8 42. Ba4 Nd3 0-1

[Event "IMSA Elite Mind Games (Blitz, Women)"]
[Site "?"]
[Date "2017.12.12"]
[EventDate "?"]
[Round "4.5"]
[Result "0-1"]
[White "Ju Wenjun"]
[Black "Antoaneta Stefanova"]
[WhiteElo "2548"]
[BlackElo "2517"]
[PlyCount "134"]

1. Nf3 d5 2. g3 Nf6 3. Bg2 g6 4. c4 c6 5. d4 Bg7 6. O-O O-O
7. Nbd2 Bf5 8. b3 a5 9. Bb2 Nbd7 10. e3 a4 11. Bc3 axb3
12. axb3 Qc7 13. Qe2 Rfe8 14. Nh4 Be6 15. f4 Bg4 16. Qf2 e6
17. Rfc1 h5 18. h3 Bf5 19. Nxf5 gxf5 20. Qe2 Rxa1 21. Rxa1 Qb6
22. b4 dxc4 23. Nxc4 Qc7 24. Bf3 Nd5 25. Bd2 c5 26. bxc5 Nxc5
27. Rb1 Ne4 28. Bxe4 fxe4 29. Rc1 Nf6 30. Ne5 Qb6 31. Qc4 Qb2
32. Qc3 Qxc3 33. Rxc3 Nd5 34. Rb3 Bxe5 35. fxe5 b6 36. Kf2 Rc8
37. Ke2 Rc2 38. Kd1 Ra2 39. Rb1 Kf8 40. Rc1 Ke7 41. Rb1 Kd7
42. Rb3 Kc6 43. Rb1 b5 44. Rc1+ Kb6 45. Rb1 Ra4 46. Kc2 b4
47. Kb3 Ra3+ 48. Kc4 Ra2 49. Bxb4 Nxe3+ 50. Kb3 Rg2 51. Bc5+
Kc6 52. Kc3 Rxg3 53. Rb6+ Kc7 54. Ra6 Nd5+ 55. Kc4 Rc3+
56. Kb5 Rb3+ 57. Kc4 Rb7 58. Ra2 e3 59. Kd3 Rb3+ 60. Kc4 Rb1
61. Kd3 Rd1+ 62. Kc4 Rh1 63. Ra7+ Kb8 64. Kb5 Rb1+ 65. Kc6
Nb4+ 66. Kb6 Nd3+ 67. Kc6 Nxc5 0-1

[Event "IMSA Elite Mind Games (Blitz, Women)"]
[Site "?"]
[Date "2017.12.12"]
[EventDate "?"]
[Round "5.2"]
[Result "1-0"]
[White "Antoaneta Stefanova"]
[Black "Mariya Muzychuk"]
[WhiteElo "2517"]
[BlackElo "2430"]
[PlyCount "105"]

1. Nf3 d5 2. g3 c6 3. Bg2 Bf5 4. O-O e6 5. d3 Nf6 6. Nh4 Bg4
7. h3 Bh5 8. Qe1 Be7 9. f4 Nfd7 10. Nf3 f5 11. e4 O-O 12. Kh2
Na6 13. Nd4 Nc7 14. Nc3 c5 15. Nxe6 Nxe6 16. exf5 Nd4
17. Bxd5+ Bf7 18. Rf2 Nxf5 19. Bxb7 Rb8 20. Bg2 Bf6 21. a4 Re8
22. Re2 Nd4 23. Rxe8+ Qxe8 24. Qd1 Bh5 25. g4 Bg6 26. Ne4 c4
27. Nd6 Qe2 28. Qxe2 Nxe2 29. Nxc4 Nxc1 30. Rxc1 Nc5 31. b3
Re8 32. Bf3 Bf7 33. Nd6 Rd8 34. Nxf7 Kxf7 35. Re1 Bd4 36. Kg2
Rc8 37. Bd5+ Kf8 38. Kf3 Nd7 39. Re2 Nf6 40. Be6 Rc6 41. f5 h6
42. h4 Rd6 43. g5 hxg5 44. hxg5 Ne8 45. b4 Nc7 46. Bc4 a6
47. Rh2 Bc3 48. b5 axb5 49. axb5 Rb6 50. Rh8+ Ke7 51. Rh7 Nxb5
52. f6+ Kf8 53. Rh8# 1-0

[Event "IMSA Elite Mind Games (Blitz, Women)"]
[Site "?"]
[Date "2017.12.12"]
[EventDate "?"]
[Round "6.6"]
[Result "0-1"]
[White "Tan Zhongyi"]
[Black "Antoaneta Stefanova"]
[WhiteElo "2543"]
[BlackElo "2517"]
[PlyCount "132"]

1. d4 d5 2. c4 c6 3. Nf3 Nf6 4. Nc3 a6 5. c5 Bf5 6. Qb3 Ra7
7. Nh4 Be6 8. Bf4 Nh5 9. Bd2 g6 10. Nf3 Bg7 11. Qc2 f5
12. O-O-O O-O 13. Ne5 Nd7 14. f4 Nhf6 15. e3 Nxe5 16. fxe5 Ne4
17. Re1 Bh6 18. g3 b6 19. cxb6 Qxb6 20. Na4 Qc7 21. Bg2 a5
22. Bxe4 fxe4 23. Rhf1 Raa8 24. Nc5 Bh3 25. Rxf8+ Rxf8 26. Qa4
Rf2 27. Qxa5 Qb8 28. e6 Rxh2 29. Nd7 Qc8 30. Nb6 Qxe6 31. Qa8+
Kf7 32. Na4 Qf6 33. Nc5 Qf2 34. Nb3 Qf6 35. Na5 Bg4 36. Qxc6
Qxc6+ 37. Nxc6 Ke6 38. a4 Be2 39. a5 Bb5 40. Nb4 Kd6 41. a6
Rf2 42. Rh1 Bg5 43. Rxh7 Rf8 44. Nc2 Bxa6 45. Bb4+ Ke6 46. Rg7
Rf1+ 47. Kd2 Rf2+ 48. Kc3 Bd3 49. Ne1 Bf1 50. Rxg6+ Bf6
51. Nc2 Be2 52. Rh6 Bd1 53. Na3 Re2 54. g4 Rxe3+ 55. Kd2 Rd3+
56. Ke1 Bxg4 57. Nb5 Rb3 58. Nc7+ Kf5 59. Nxd5 Bg5 60. Nxe7+
Kf4 61. Rh2 Kg3 62. Bd6+ Kf3 63. Rf2+ Ke3 64. Nd5+ Kxd4
65. Nc3 Bh4 66. Nd1 e3 0-1

[Event "IMSA Elite Mind Games (Blitz, Women)"]
[Site "?"]
[Date "2017.12.12"]
[EventDate "?"]
[Round "7.1"]
[Result "1-0"]
[White "Antoaneta Stefanova"]
[Black "Anna Muzychuk"]
[WhiteElo "2517"]
[BlackElo "2574"]
[PlyCount "71"]

1. d4 Nf6 2. Nf3 g6 3. g3 Bg7 4. Bg2 O-O 5. O-O d5 6. Nbd2 a5
7. a4 Nc6 8. c3 Re8 9. Re1 e5 10. dxe5 Nxe5 11. Nxe5 Rxe5
12. Nf3 Re8 13. Bg5 c6 14. Qb3 h6 15. Be3 Rxe3 16. fxe3 Qe7
17. c4 dxc4 18. Qa3 Qe8 19. Nd2 Be6 20. Qc5 Bd5 21. e4 Nxe4
22. Nxe4 Bxe4 23. Qxc4 Bxg2 24. Kxg2 Bxb2 25. Rab1 Qe5 26. Rf1
Rf8 27. Qc2 Bd4 28. Rxb7 c5 29. Rf3 Qd5 30. Qb3 c4 31. Qb1 Re8
32. Rbxf7 Rxe2+ 33. Kh1 Qxf7 34. Rxf7 Kxf7 35. Qf1+ Rf2
36. Qxc4+ 1-0

[Event "IMSA Elite Mind Games (Blitz, Women)"]
[Site "?"]
[Date "2017.12.12"]
[EventDate "?"]
[Round "8.1"]
[Result "0-1"]
[White "Antoaneta Stefanova"]
[Black "Alexandra Kosteniuk"]
[WhiteElo "2517"]
[BlackElo "2526"]
[PlyCount "106"]

1. Nf3 Nf6 2. b3 b6 3. Bb2 e6 4. e3 Bb7 5. d4 Be7 6. Bd3 O-O
7. O-O c5 8. Nbd2 Nc6 9. a3 Rc8 10. Qe2 Qc7 11. e4 Nxd4
12. Nxd4 cxd4 13. Bxd4 d6 14. a4 Nd7 15. a5 e5 16. Be3 Nc5
17. axb6 axb6 18. c4 Ne6 19. Qg4 Kh8 20. Nb1 Nc5 21. Bc2 f5
22. exf5 d5 23. cxd5 Bxd5 24. Nd2 Qb7 25. Qh3 e4 26. Bd1 Bf6
27. Rb1 Nd3 28. Be2 Rc3 29. b4 Nf4 30. Qg4 Nxe2+ 31. Qxe2 Rfc8
32. Rfd1 Ba2 33. Ra1 Rc2 34. Qg4 Bxa1 35. Rxa1 Rc1+ 36. Rxc1
Rxc1+ 37. Nf1 Rc4 38. h3 Qd7 39. Ng3 Rxb4 40. Kh2 Qd6 41. Qh5
Qf8 42. h4 Bf7 43. Qg5 h6 44. Qf4 Bg8 45. Nh5 Qf7 46. Qg4 Rc4
47. f6 gxf6 48. Bxh6 f5 49. Bg7+ Kh7 50. Qg5 Qg6 51. Qe7 Bf7
52. g4 fxg4 53. Bf8 Qxh5 0-1

[Event "IMSA Elite Mind Games (Blitz, Women)"]
[Site "?"]
[Date "2017.12.12"]
[EventDate "?"]
[Round "9.2"]
[Result "1-0"]
[White "Kateryna Lahno"]
[Black "Antoaneta Stefanova"]
[WhiteElo "2619"]
[BlackElo "2517"]
[PlyCount "85"]

1. e4 e5 2. Nf3 Nc6 3. Bb5 Nf6 4. d3 d6 5. O-O Bd7 6. c4 g6
7. Nc3 Bg7 8. h3 O-O 9. Be3 Kh8 10. Nd5 Ng8 11. Ba4 Nce7
12. Bxd7 Qxd7 13. d4 Nc6 14. dxe5 Nxe5 15. Nxe5 dxe5 16. Nc3
Rfd8 17. Qxd7 Rxd7 18. Rfd1 Nf6 19. Rxd7 Nxd7 20. Rd1 Nf8
21. Nb5 a6 22. Nxc7 Rc8 23. Bb6 f5 24. f3 Bh6 25. b3 Kg7
26. Kf1 Kf7 27. Ke2 Bg5 28. g4 Bd8 29. Nd5 Bxb6 30. Nxb6 Rc6
31. Nd7 Re6 32. exf5 gxf5 33. gxf5 Rh6 34. Nxf8 Kxf8 35. Rd7
Rxh3 36. Ke3 b5 37. c5 Ke8 38. Rg7 Rh6 39. Ke4 b4 40. Kxe5 Rc6
41. Kd5 Rf6 42. c6 Rxf5+ 43. Ke6 1-0

[Event "IMSA Elite Mind Games (Blitz, Women)"]
[Site "?"]
[Date "2017.12.12"]
[EventDate "?"]
[Round "10.£µ"]
[Result "1/2-1/2"]
[White "Antoaneta Stefanova"]
[Black "Elisabeth Paehtz"]
[WhiteElo "2517"]
[BlackElo "2467"]
[PlyCount "92"]

1. d4 d6 2. Nf3 g6 3. g3 Bg7 4. Bg2 Nf6 5. O-O O-O 6. b3 a5
7. Bb2 a4 8. c4 c6 9. b4 d5 10. c5 Ne4 11. a3 b6 12. cxb6 Qxb6
13. Qc2 Nd6 14. Ne5 Bf5 15. Qc1 Bxe5 16. dxe5 Nc4 17. Nd2 Nxb2
18. Qxb2 Nd7 19. Rac1 Rfc8 20. h3 Be6 21. e4 d4 22. Nc4 Bxc4
23. Rxc4 Nxe5 24. Rxd4 c5 25. Rd5 Nc4 26. Qa2 cxb4 27. axb4
Qxb4 28. Rb1 Qc3 29. Rd7 a3 30. Bf1 Nd6 31. Rxe7 Re8 32. Rd7
Rad8 33. Rxd8 Rxd8 34. Rb3 Qd4 35. Rxa3 Qxe4 36. Re3 Qd4
37. Rd3 Qf6 38. Qd2 Kg7 39. Qd1 Nb7 40. Rxd8 Nxd8 41. Qd5 Ne6
42. Bg2 Nd4 43. Qe4 Ne6 44. Qd5 Nd4 45. Qe4 Ne6 46. Qd5 Nd4
1/2-1/2

[Event "IMSA Elite Mind Games (Blitz, Women)"]
[Site "?"]
[Date "2017.12.12"]
[EventDate "?"]
[Round "11.1"]
[Result "1/2-1/2"]
[White "Anna Ushenina"]
[Black "Antoaneta Stefanova"]
[WhiteElo "2457"]
[BlackElo "2517"]
[PlyCount "123"]

1. d4 d5 2. Nf3 Nf6 3. Bf4 c5 4. e3 a6 5. Nbd2 Nc6 6. c3 e6
7. Bd3 Be7 8. O-O O-O 9. Ne5 Nxe5 10. dxe5 Nd7 11. Qg4 f5
12. exf6 Nxf6 13. Qe2 Bd6 14. Bxd6 Qxd6 15. e4 Qf4 16. h3 b5
17. a4 b4 18. cxb4 c4 19. Bc2 Rb8 20. b5 axb5 21. axb5 Rxb5
22. b3 Rc5 23. bxc4 dxc4 24. Nxc4 Rg5 25. Qe3 Qh4 26. Ra5 Rxa5
27. Nxa5 Nh5 28. e5 Qb4 29. Nc6 Qc4 30. Ne7+ Kh8 31. Nxc8 Rxc8
32. Be4 Rf8 33. g3 g6 34. Rd1 Qb5 35. Bg2 Ng7 36. Qd3 Qb2
37. Qd4 Qc2 38. Qd2 Qc5 39. Qd4 Qc2 40. Qd2 Qc5 41. Re1 Nf5
42. Qd3 Nh4 43. Qe3 Qxe3 44. Rxe3 Nf5 45. Rd3 Rf7 46. Rd8+ Kg7
47. g4 Nd4 48. Kf1 g5 49. Be4 h6 50. Kg2 Nb3 51. Kg3 Nc5
52. Bc2 Nd7 53. f4 gxf4+ 54. Kxf4 Nc5+ 55. h4 Nd7+ 56. g5
hxg5+ 57. hxg5 Nc5+ 58. Bb1 Rb7 59. Bc2 Kf7 60. Bb1 Kg7
61. Bc2 Kf7 62. Bd1 1/2-1/2

[Event "IMSA Elite Mind Games (Blitz, Women)"]
[Site "?"]
[Date "2017.12.13"]
[EventDate "?"]
[Round "12.4"]
[Result "0-1"]
[White "Zhao Xue"]
[Black "Antoaneta Stefanova"]
[WhiteElo "2499"]
[BlackElo "2517"]
[PlyCount "116"]

1. c4 c6 2. Nf3 d5 3. e3 Nf6 4. b3 Bf5 5. Bb2 e6 6. d3 h6
7. Be2 Nbd7 8. O-O Be7 9. Nc3 O-O 10. cxd5 exd5 11. Rc1 Re8
12. a3 a5 13. Nd4 Bh7 14. Re1 Bd6 15. Bf1 Qb6 16. g3 Rad8
17. Na4 Qa7 18. Qc2 Rc8 19. Bh3 Qa6 20. Red1 Rcd8 21. Nf5 Be5
22. d4 Bb8 23. Bf1 Qa7 24. Bd3 Ne4 25. Nh4 Ndf6 26. Nc5 Bd6
27. Ng2 Rc8 28. Nf4 Qb8 29. Re1 b6 30. Nxe4 Bxe4 31. Bxe4 Nxe4
32. Qe2 Nf6 33. Qf3 Qb7 34. Nd3 Qe7 35. Ne5 c5 36. Nd3 c4
37. Nf4 Bxa3 38. Bxa3 Qxa3 39. bxc4 dxc4 40. Rb1 c3 41. Rec1
c2 42. Ra1 Qb2 43. Qe2 b5 44. Qd2 a4 45. Nd3 Qc3 46. Qxc3 Rxc3
47. Nb4 Rec8 48. Ra2 a3 49. Raxc2 Rxc2 50. Rxc2 Rxc2 51. Nxc2
Ne4 52. Nxa3 b4 53. Nc4 b3 54. Kf1 Kf8 55. Ke2 Ke7 56. f3 Nd6
57. Nxd6 b2 58. Nf5+ Kf6 0-1

[Event "IMSA Elite Mind Games (Blitz, Women)"]
[Site "?"]
[Date "2017.12.13"]
[EventDate "?"]
[Round "13.4"]
[Result "1/2-1/2"]
[White "Antoaneta Stefanova"]
[Black "Dronavalli Harika"]
[WhiteElo "2517"]
[BlackElo "2537"]
[PlyCount "162"]

1. Nf3 g6 2. d4 d6 3. g3 Nf6 4. Bg2 Bg7 5. O-O O-O 6. b3 c5
7. c4 e5 8. dxe5 dxe5 9. Bb2 e4 10. Ng5 Qe7 11. Nc3 Bf5
12. Nh3 Rd8 13. Qc1 Nc6 14. Nf4 Nd4 15. Kh1 e3 16. fxe3 Nc2
17. Ncd5 Nxd5 18. Nxd5 Rxd5 19. cxd5 Bxb2 20. Qxb2 Nxa1
21. Qxa1 Qxe3 22. Qc1 Re8 23. Bf3 b6 24. Qxe3 Rxe3 25. Rd1 Kf8
26. Kg2 Re8 27. Kf2 Be4 28. Bxe4 Rxe4 29. Kf3 f5 30. h3 h5
31. d6 Ke8 32. d7+ Kd8 33. Rd6 g5 34. Rd5 g4+ 35. hxg4 hxg4+
36. Kf2 c4 37. bxc4 Rxc4 38. Rxf5 Kxd7 39. Rf7+ Ke6 40. Rxa7
Rb4 41. a3 Rb3 42. Ra4 Kf5 43. Rf4+ Kg5 44. Rb4 Rxa3 45. Rb5+
Kf6 46. Rxb6+ Kf5 47. Rb5+ Kf6 48. e4 Rf3+ 49. Kg2 Re3
50. Rf5+ Kg6 51. Rf4 Kg5 52. Kf2 Ra3 53. Rf5+ Kg6 54. Rf8 Kg5
55. Rg8+ Kh5 56. e5 Rf3+ 57. Kg2 Re3 58. Re8 Kg5 59. e6 Kf6
60. Rg8 Re2+ 61. Kf1 Rxe6 62. Rxg4 Kf5 63. Ra4 Rb6 64. Kg2 Rb5
65. Kh3 Kg5 66. Rg4+ Kh5 67. Rg8 Rb3 68. Ra8 Kg5 69. Ra5+ Kg6
70. Kh4 Rb4+ 71. g4 Rb6 72. Rg5+ Kh6 73. Re5 Kg6 74. Kg3 Ra6
75. Kf4 Ra4+ 76. Kg3 Ra6 77. Kh4 Rb6 78. Rg5+ Kh6 79. Rg8 Kh7
80. Ra8 Kg6 81. Ra5 Rc6 1/2-1/2

[Event "IMSA Elite Mind Games (Blitz, Women)"]
[Site "?"]
[Date "2017.12.13"]
[EventDate "?"]
[Round "14.3"]
[Result "0-1"]
[White "Nana Dzagnidze"]
[Black "Antoaneta Stefanova"]
[WhiteElo "2453"]
[BlackElo "2517"]
[PlyCount "72"]

1. c4 c6 2. Nf3 d5 3. b3 Nf6 4. Bb2 Bf5 5. g3 e6 6. Bg2 h6
7. O-O Nbd7 8. d3 Be7 9. Nbd2 O-O 10. a3 a5 11. Qc2 Bh7
12. Rfe1 Re8 13. Rad1 Qb6 14. Nb1 Bf8 15. Nc3 e5 16. Na4 Qa7
17. e4 dxe4 18. dxe4 b5 19. cxb5 cxb5 20. Nc3 b4 21. axb4 Bxb4
22. Nd2 Rac8 23. Nc4 Qc7 24. Re2 Nb6 25. Nb5 Qb8 26. Qb1 Nxc4
27. bxc4 Rxc4 28. Na3 Bxa3 29. Bxa3 Qxb1 30. Rxb1 Bxe4
31. Bxe4 Rxe4 32. Rc2 Ra4 33. Bd6 Ne4 34. Bc7 Rc8 35. Rb7 f6
36. Ra7 Ra1+ 0-1

[Event "IMSA Elite Mind Games (Blitz, Women)"]
[Site "?"]
[Date "2017.12.13"]
[EventDate "?"]
[Round "15.1"]
[Result "1/2-1/2"]
[White "Antoaneta Stefanova"]
[Black "Ju Wenjun"]
[WhiteElo "2517"]
[BlackElo "2548"]
[PlyCount "75"]

1. d4 Nf6 2. Nf3 g6 3. g3 Bg7 4. Bg2 O-O 5. O-O d6 6. a4 Nbd7
7. Nc3 e5 8. dxe5 dxe5 9. e4 c6 10. a5 Qc7 11. h3 Rd8 12. Qe2
Nf8 13. Be3 Ne6 14. Rfd1 Bd7 15. b4 Bf8 16. Rab1 b6 17. axb6
axb6 18. b5 Bc5 19. Bxc5 Nxc5 20. Nd2 cxb5 21. Nxb5 Bxb5
22. Rxb5 Na4 23. Nb1 Rxd1+ 24. Qxd1 Rd8 25. Qc1 Kg7 26. Rb4
Qc6 27. Kh2 Nc5 28. Nd2 Nfd7 29. Nf3 h6 30. Qe3 Qe6 31. Nd2
Qe7 32. h4 Nf6 33. Rb1 Rd6 34. f3 Rd4 35. Nc4 Ncxe4 36. Nxb6
Rd8 37. c3 Nd6 38. Nc4 1/2-1/2

[Event "IMSA Elite Mind Games (Blitz, Women)"]
[Site "?"]
[Date "2017.12.13"]
[EventDate "?"]
[Round "16.2"]
[Result "0-1"]
[White "Mariya Muzychuk"]
[Black "Antoaneta Stefanova"]
[WhiteElo "2430"]
[BlackElo "2517"]
[PlyCount "54"]

1. e4 e5 2. Nf3 Nc6 3. d4 exd4 4. Nxd4 Qf6 5. Be3 Bc5 6. c3
Nge7 7. g3 h5 8. h3 h4 9. g4 Ng6 10. Qd2 Nce5 11. Be2 Bxd4
12. Bxd4 Nf3+ 13. Bxf3 Qxf3 14. Rh2 Qxe4+ 15. Qe2 Qxe2+
16. Kxe2 O-O 17. Nd2 b6 18. Be3 Ba6+ 19. Kd1 c5 20. Kc2 d5
21. Nf3 Rac8 22. Rd1 Be2 23. Rxd5 Bxf3 24. Rd7 a5 25. Bg5 Rfe8
26. Kb3 Re2 27. Rd3 c4+ 0-1

[Event "IMSA Elite Mind Games (Blitz, Women)"]
[Site "?"]
[Date "2017.12.13"]
[EventDate "?"]
[Round "17.6"]
[Result "1/2-1/2"]
[White "Antoaneta Stefanova"]
[Black "Tan Zhongyi"]
[WhiteElo "2517"]
[BlackElo "2543"]
[PlyCount "104"]

1. d4 Nf6 2. Nf3 d5 3. e3 Bg4 4. h3 Bh5 5. g4 Bg6 6. Ne5 Nfd7
7. Nxg6 hxg6 8. Bg2 e6 9. c4 c6 10. Qb3 Qb6 11. Nc3 Qxb3
12. axb3 Bb4 13. Bd2 Na6 14. Ke2 Nf6 15. Ra4 Bxc3 16. bxc3 Nc7
17. g5 Ne4 18. h4 Nxd2 19. Kxd2 Kd7 20. Bf3 a5 21. h5 gxh5
22. Rxh5 Rxh5 23. Bxh5 g6 24. Bf3 b5 25. cxb5 cxb5 26. Ra2 Ra7
27. Be2 Kc6 28. Kc2 Ne8 29. c4 bxc4 30. bxc4 dxc4 31. Bxc4 Nd6
32. Bd3 a4 33. Kc3 Kd5 34. f3 Rc7+ 35. Kb4 Rb7+ 36. Kxa4 e5
37. dxe5 Kxe5 38. Rc2 Nf5 39. Bxf5 Kxf5 40. Rc5+ Ke6 41. f4
Rb1 42. Re5+ Kd6 43. Re8 Rb2 44. Ka3 Rb1 45. Ka2 Rb4 46. Re5
Rb7 47. Ka3 Rb1 48. Ka4 Rb2 49. Ka3 Rb1 50. Re8 Kd7 51. Re4
Kd6 52. Re5 Kd5 1/2-1/2

[Event "IMSA Elite Mind Games (Blitz, Women)"]
[Site "?"]
[Date "2017.12.13"]
[EventDate "?"]
[Round "18.2"]
[Result "1/2-1/2"]
[White "Anna Muzychuk"]
[Black "Antoaneta Stefanova"]
[WhiteElo "2574"]
[BlackElo "2517"]
[PlyCount "44"]

1. e4 e5 2. Nf3 Nc6 3. Nc3 Nf6 4. Bb5 Bb4 5. O-O O-O 6. d3 d6
7. Ne2 h6 8. c3 Ba5 9. Ng3 a6 10. Ba4 Ne7 11. d4 Ng6 12. h3 c5
13. dxc5 dxc5 14. Be3 Qc7 15. c4 Rd8 16. Qc2 Be6 17. Rfd1 Nf4
18. Nf5 Bb6 19. Bb3 Ba5 20. Ba4 Bb6 21. Bb3 Ba5 22. Ba4 Bb6
1/2-1/2

[Event "IMSA Elite Mind Games (Blitz, Women)"]
[Site "?"]
[Date "2017.12.13"]
[EventDate "?"]
[Round "19.6"]
[Result "1/2-1/2"]
[White "Alexandra Kosteniuk"]
[Black "Antoaneta Stefanova"]
[WhiteElo "2526"]
[BlackElo "2517"]
[PlyCount "92"]

1. e4 e5 2. Bc4 Nf6 3. d4 exd4 4. Nf3 Bc5 5. O-O O-O 6. e5 d5
7. Bb3 Ne4 8. c3 Bb6 9. cxd4 Bg4 10. Nc3 c6 11. h3 Bh5 12. Be3
Kh8 13. g4 Bg6 14. Nxe4 dxe4 15. Nh2 Nd7 16. g5 c5 17. h4 cxd4
18. Bxd4 Bxd4 19. Qxd4 Qe7 20. f4 exf3 21. Nxf3 Qc5 22. Qxc5
Nxc5 23. Bc4 Rac8 24. Rad1 Na4 25. b3 Nb2 26. Rd4 Nxc4
27. bxc4 Rc5 28. Rd7 Rxc4 29. Rxb7 a5 30. e6 fxe6 31. Ne5
Rxf1+ 32. Kxf1 Rc8 33. Nxg6+ hxg6 34. Ra7 Rc4 35. Rxa5 Rxh4
36. Ke2 Kg8 37. Kd3 Kf7 38. Ra7+ Kf8 39. a4 Rg4 40. Ra5 Ke7
41. Kc3 Kd6 42. Kb3 Rg3+ 43. Kb4 Rg4+ 44. Kb3 Rg3+ 45. Kb4
Rg4+ 46. Kb3 Rg3+ 1/2-1/2

[Event "IMSA Elite Mind Games (Blitz, Women)"]
[Site "?"]
[Date "2017.12.13"]
[EventDate "?"]
[Round "20.2"]
[Result "1/2-1/2"]
[White "Antoaneta Stefanova"]
[Black "Kateryna Lahno"]
[WhiteElo "2517"]
[BlackElo "2619"]
[PlyCount "82"]

1. d4 Nf6 2. Nf3 g6 3. g3 Bg7 4. Bg2 O-O 5. O-O d6 6. a4 c6
7. Nc3 Qc7 8. e4 e5 9. dxe5 dxe5 10. h3 h6 11. Be3 Be6 12. Qe2
Nbd7 13. a5 Rfd8 14. b4 b5 15. axb6 axb6 16. Nd2 b5 17. Rxa8
Rxa8 18. Rb1 Nb6 19. Nd1 Nc4 20. Nxc4 Bxc4 21. Qe1 Be6 22. Nb2
Ne8 23. Bc5 Nd6 24. Rd1 Nb7 25. Be3 Bf8 26. Nd3 Bc4 27. Qc3
Bg7 28. Bf1 h5 29. Nc5 Nxc5 30. Bxc5 Bxf1 31. Kxf1 Rd8 32. Rd3
Rxd3 33. Qxd3 Bf8 34. Qc3 Bxc5 35. Qxc5 Qd7 36. Kg2 Qe6 37. h4
Kg7 38. Kh2 Qf6 39. Kg2 Qe6 40. Kh2 Qf6 41. Kg2 Qe6 1/2-1/2